[Event "Troy (US Am N/2/18)"]
[Site "?"]
[Date "1995.??.??"]
[Round "?"]
[White "Williams, C."]
[Black "Rutkofske, Lonnie"]
[Result "0-1"]
[WhiteElo "1605"]
[BlackElo "1915"]
[PlyCount "86"]
[EventDate "1995.??.??"]

{2/(18)} 1. e4 e6 2. d4 d5 3. e5 c5 4. c3 Nc6 5. Nf3 Qb6 6. Na3 cxd4 7. Nxd4
Nxd4 8. cxd4 Bd7 9. Nc2 Rc8 10. a4 Qb3 11. Bd3 Bb4+ 12. Bd2 Qxd3 13. Bxb4 Qxc2
14. O-O Qxd1 15. Rfxd1 Ne7 16. Rdc1 Rxc1+ 17. Rxc1 Bc6 18. a5 a6 19. Kf1 Kd7
20. Rc3 Nf5 21. Rf3 Rc8 22. Bc5 Bb5+ 23. Ke1 h5 24. h3 Rh8 25. Kd2 Ke8 26. g4
hxg4 27. hxg4 Ne7 28. Rc3 Nc6 29. Rf3 Nxa5 30. g5 g6 31. Kc3 Rh4 32. Rg3 Nc6
33. b4 Ne7 34. Bxe7 Kxe7 35. f3 Rh1 36. Kb2 Rd1 37. Kc3 Rd3+ 38. Kb2 Rxd4 39.
Rg4 Rxg4 40. fxg4 Kd7 41. Kc3 Kc6 42. Kd4 Ba4 43. Kc3 Kb5 0-1

[Event "Troy (US Am N/5/25)"]
[Site "?"]
[Date "1995.??.??"]
[Round "?"]
[White "Williams, C."]
[Black "Moore, Robert"]
[Result "0-1"]
[WhiteElo "1605"]
[BlackElo "1715"]
[PlyCount "134"]
[EventDate "1995.??.??"]

{5/(25)} 1. e4 c5 2. c3 d6 3. Nf3 Nc6 4. Bc4 e6 5. a3 Nf6 6. Qc2 d5 7. exd5
exd5 8. Bb5 Bd6 9. O-O O-O 10. d4 c4 11. b3 cxb3 12. Qxb3 Bf5 13. Bg5 Qc7 14.
Bxf6 gxf6 15. Qxd5 Ne7 16. Qc4 Qxc4 17. Bxc4 Rac8 18. Bb3 Bxb1 19. Raxb1 Rxc3
20. a4 Rfc8 21. Nd2 Rd3 22. Ne4 Rxd4 23. Nxf6+ Kg7 24. Nh5+ Kg6 25. Ng3 b6 26.
Rfd1 Rxd1+ 27. Rxd1 Bxg3 28. hxg3 Rc7 29. Rd4 Nf5 30. Rc4 Rxc4 31. Bxc4 Nd6 32.
Bd3+ Kg7 33. f3 h6 34. Kf2 Nb7 35. Be4 Nc5 36. Bc6 Kf6 37. Ke3 Ke5 38. f4+ Kd6
39. Be8 f6 40. Kd4 Ne6+ 41. Kc4 a6 42. Bf7 Nc5 43. Be8 Ne4 44. g4 Nf2 45. Bh5
Ne4 46. Bg6 Nc5 47. Bc2 Nxa4 48. Bxa4 b5+ 49. Bxb5 axb5+ 50. Kxb5 Kd5 51. g3
Ke4 52. Kc5 Kf3 53. Kd4 Kxg3 54. Ke3 Kxg4 55. f5 Kxf5 56. Kf3 h5 57. Kg3 Ke4
58. Kf2 Kf4 59. Kg2 Ke3 60. Kf1 f5 61. Kg2 f4 62. Kg1 Kf3 63. Kf1 h4 64. Kg1
Ke2 65. Kh1 f3 66. Kg1 f2+ 67. Kh2 Kf3 0-1

[Event "East Lansing (Class DE/5/12)"]
[Site "?"]
[Date "1995.??.??"]
[Round "?"]
[White "Williams, C."]
[Black "Mitchell, Dave"]
[Result "1-0"]
[WhiteElo "1605"]
[BlackElo "1605"]
[PlyCount "35"]
[EventDate "1995.??.??"]

{5/(12)} 1. e4 c6 2. d4 d5 3. exd5 cxd5 4. Bd3 Nf6 5. Nf3 Bg4 6. Nbd2 e6 7. O-O
Bd6 8. Qe1 O-O 9. Ne5 Bh5 10. Qe3 Nbd7 11. Ndf3 Bxf3 12. gxf3 Rc8 13. Kh1 Nh5
14. Rg1 Kh8 15. Bd2 g6 16. Qh6 Qe7 17. Bg5 f6 18. Nxg6+ 1-0

[Event "Grand Rapids (MI Am/3/19)"]
[Site "?"]
[Date "1995.??.??"]
[Round "?"]
[White "Williams, C."]
[Black "Matias, I.C."]
[Result "0-1"]
[WhiteElo "1605"]
[BlackElo "1630"]
[PlyCount "40"]
[EventDate "1995.??.??"]

{3/(19)} 1. e4 e6 2. d4 d5 3. Nc3 Nf6 4. Bd3 c5 5. Nf3 c4 6. Bf1 Bb4 7. exd5
exd5 8. Qe2+ Ne4 9. Ng5 Bxc3+ 10. bxc3 O-O 11. Nxe4 dxe4 12. Qxc4 Be6 13. Qb4
Nc6 14. Qxb7 Qd6 15. Bb5 Nxd4 16. Qxe4 Nxb5 17. Qd3 Qc6 18. O-O Bc4 19. Qg3
Bxf1 20. Bh6 Qxh6 0-1

[Event "Flint (MI Senior/4/6)"]
[Site "?"]
[Date "1995.??.??"]
[Round "?"]
[White "Williams, C."]
[Black "Gibbs, Tony"]
[Result "0-1"]
[WhiteElo "1605"]
[BlackElo "1605"]
[PlyCount "64"]
[EventDate "1995.??.??"]

{4/(6)} 1. c4 e5 2. g3 Nf6 3. Bg2 Be7 4. Nc3 O-O 5. Nf3 d6 6. d4 exd4 7. Nxd4
Nbd7 8. Nd5 Nxd5 9. cxd5 Nf6 10. Bd2 Bg4 11. h3 Bh5 12. Nf5 Re8 13. Nxe7+ Qxe7
14. Be3 Ne4 15. Rc1 Nxg3 16. Rg1 Nxe2 17. Kd2 Nxc1 18. Qxh5 Nxa2 19. Qg4 Qf6
20. Bf3 Qxb2+ 21. Ke1 Qb1+ 22. Bd1 Qg6 23. Kf1 Qxg4 24. Rxg4 Nc3 25. Bh6 g6 26.
h4 Nxd1 27. h5 Re5 28. hxg6 hxg6 29. Rc4 Rc8 30. f4 Ne3+ 31. Kf2 Nxc4 32. fxe5
Nxe5 0-1

[Event "East Lansing (Class DE/1/16)"]
[Site "?"]
[Date "1995.??.??"]
[Round "?"]
[White "Williams, C."]
[Black "Gaiefsky, Joey"]
[Result "0-1"]
[WhiteElo "1605"]
[BlackElo "1605"]
[PlyCount "98"]
[EventDate "1995.??.??"]

{1/(16)} 1. e4 e5 2. Bc4 Nf6 3. d3 Nc6 4. Nc3 Bb4 5. Nge2 d6 6. h3 O-O 7. f4
Bxc3+ 8. Nxc3 Nd7 9. O-O exf4 10. Bxf4 Nde5 11. Bb3 Qh4 12. d4 Ng6 13. Be3 Bxh3
14. Qf3 Be6 15. d5 Nce5 16. Qf2 Qxf2+ 17. Bxf2 Bg4 18. Nb5 Be2 19. Nxc7 Rac8
20. Rfe1 Bc4 21. Bxc4 Nxc4 22. Nb5 Nxb2 23. Rac1 a6 24. Nxd6 Rc7 25. Re3 Nc4
26. Nxc4 Rxc4 27. d6 Rd4 28. Bg3 f6 29. c3 Rc4 30. d7 Rd8 31. Rd1 Ne5 32. Bxe5
fxe5 33. Kf2 Kf8 34. Kf3 Ke7 35. Red3 Rc7 36. Kg4 Rdxd7 37. Rxd7+ Rxd7 38.
Rxd7+ Kxd7 39. Kf5 Kd6 40. g4 g6+ 41. Kf6 h5 42. gxh5 gxh5 43. Kg5 Kc5 44. Kxh5
Kc4 45. Kg5 Kxc3 46. Kf5 Kd4 47. Kg4 Kxe4 48. Kg3 Ke3 49. Kg2 Ke2 0-1

[Event "Troy (TCC Res/4/16)"]
[Site "?"]
[Date "1995.??.??"]
[Round "?"]
[White "Williams, C."]
[Black "Cutler, C."]
[Result "0-1"]
[WhiteElo "1605"]
[BlackElo "1605"]
[PlyCount "92"]
[EventDate "1995.??.??"]

{4/(16)} 1. e4 c5 2. Nc3 e6 3. g3 Nc6 4. Bg2 Nf6 5. d3 d5 6. exd5 exd5 7. Bg5
d4 8. Nd5 Be7 9. Nxf6+ Bxf6 10. Qe2+ Be7 11. Bxe7 Nxe7 12. Qe5 O-O 13. Qxc5 Re8
14. Ne2 Nc6 15. Be4 Re5 16. Qa3 Be6 17. b3 Bd5 18. f3 f5 19. Bxd5+ Qxd5 20. Kf2
Re3 21. Ng1 Ne5 22. c4 Nxd3+ 23. Kg2 Qe5 24. Rf1 a6 25. Qa4 Rd8 26. b4 Nb2 27.
Qc2 d3 28. Qb1 d2 29. Qc2 d1=Q 30. Rxd1 Rxd1 31. h4 Rxg1+ 32. Rxg1 Re2+ 33.
Qxe2 Qxe2+ 34. Kh3 Qxf3 35. Kh2 Nxc4 36. Rc1 b5 37. a4 Kf7 38. a5 Kg6 39. Re1
Ne3 40. Rg1 Kh5 41. Kh3 f4 42. Kh2 Nf1+ 43. Rxf1 Qxf1 44. g4+ Kxg4 45. h5 Qf2+
46. Kh1 Kg3 0-1

[Event "Troy (US Am N/6/29)"]
[Site "?"]
[Date "1995.??.??"]
[Round "?"]
[White "Williams, C."]
[Black "Bezrutch, B."]
[Result "0-1"]
[WhiteElo "1605"]
[BlackElo "1605"]
[PlyCount "58"]
[EventDate "1995.??.??"]

{6/(29)} 1. c4 e5 2. Nc3 Nf6 3. Nf3 Nc6 4. d4 exd4 5. Nxd4 Nxd4 6. Qxd4 Be7 7.
e4 O-O 8. e5 Ne8 9. Bd3 d6 10. Qe4 g6 11. Bh6 Ng7 12. O-O Bf5 13. Qe3 Bxd3 14.
Qxd3 Re8 15. Qe4 Nf5 16. Bf4 dxe5 17. Rad1 Qc8 18. Qxe5 Bd6 19. Qxe8+ Qxe8 20.
Nd5 Qa4 21. Bxd6 Nxd6 22. Nxc7 Rc8 23. b3 Qxa2 24. Rxd6 Rxc7 25. Rd8+ Kg7 26.
Re1 Qxb3 27. h3 Qxc4 28. Ree8 Qc1+ 29. Kh2 Qf4+ 0-1

[Event "Troy (TCC Res/2/20)"]
[Site "?"]
[Date "1995.??.??"]
[Round "?"]
[White "Williams, C."]
[Black "Bezrutch, B."]
[Result "0-1"]
[WhiteElo "1605"]
[BlackElo "1605"]
[PlyCount "64"]
[EventDate "1995.??.??"]

{2/(20)} 1. c4 e5 2. g3 Bc5 3. Bg2 Nf6 4. Nc3 O-O 5. Nf3 Re8 6. a3 a6 7. b4 Ba7
8. Bb2 d6 9. Rc1 Nbd7 10. Qc2 h6 11. O-O Rb8 12. Rfd1 Nb6 13. Nd5 c6 14. Nxf6+
Qxf6 15. d4 Bf5 16. e4 Bg4 17. dxe5 dxe5 18. c5 Bxf3 19. Rd6 Re6 20. Bxf3 Rxd6
21. cxd6 Qxf3 22. Bxe5 Nc4 23. Bf4 Rd8 24. e5 Nxa3 25. Qd2 Rd7 26. Rc3 Bxf2+
27. Qxf2 Qxc3 28. Bd2 Qxe5 29. Qf3 Qxd6 30. Bxh6 Qd1+ 31. Kf2 Qxf3+ 32. Kxf3
gxh6 0-1

[Event "Ann Arbor (MI Women/1/6)"]
[Site "?"]
[Date "1995.??.??"]
[Round "?"]
[White "Williams, A."]
[Black "Raupp, Sarah"]
[Result "0-1"]
[WhiteElo "1605"]
[BlackElo "1605"]
[PlyCount "22"]
[EventDate "1995.??.??"]

{1/(6)} 1. Nf3 e6 2. Nc3 f5 3. e3 Nf6 4. a3 b6 5. Be2 Bb7 6. O-O Bd6 7. Nh4 O-O
8. Nb5 Ng4 9. f3 Qxh4 10. Re1 Qxh2+ 11. Kf1 Qh1# 0-1

[Event "Ann Arbor (MI Women/3/6)"]
[Site "?"]
[Date "1995.??.??"]
[Round "?"]
[White "Williams, A."]
[Black "Mason, B."]
[Result "1-0"]
[WhiteElo "1605"]
[BlackElo "1605"]
[PlyCount "55"]
[EventDate "1995.??.??"]

{3/(6)} 1. e4 e5 2. Nf3 Nc6 3. Nc3 Nf6 4. Bc4 Bc5 5. O-O O-O 6. d3 d6 7. Bg5
Bg4 8. h3 Bxf3 9. Qxf3 h6 10. Bxf6 Qxf6 11. Qh5 Rfe8 12. Rfe1 Na5 13. Bb5 Re6
14. Re2 c6 15. Bc4 Nxc4 16. dxc4 a5 17. a4 g6 18. Qxh6 Bd4 19. Nd1 Qe7 20. c3
Bc5 21. b4 axb4 22. cxb4 Bxb4 23. Re3 Rf6 24. Rg3 Re8 25. Rg4 Qd7 26. g3 d5 27.
Rh4 Rxf2 28. Qh8# 1-0

[Event "Troy (TCC Res/4/10)"]
[Site "?"]
[Date "1995.??.??"]
[Round "?"]
[White "Whitworth, M."]
[Black "Mailing, Don"]
[Result "1-0"]
[WhiteElo "1635"]
[BlackElo "1605"]
[PlyCount "115"]
[EventDate "1995.??.??"]

{4/(10)} 1. d4 d5 2. c4 dxc4 3. Nc3 Nf6 4. e4 Bg4 5. f3 Bh5 6. Bxc4 e6 7. Qd3
Bg6 8. Nge2 Nc6 9. Bb5 a6 10. Bxc6+ bxc6 11. Bg5 Be7 12. Qc4 Qd7 13. O-O O-O
14. Nf4 Rfd8 15. Rfd1 Kh8 16. Rac1 Ng8 17. Nxg6+ hxg6 18. Bxe7 Nxe7 19. Na4 a5
20. Nc5 Qe8 21. a4 Rab8 22. Qc3 Rb6 23. h3 Ng8 24. Qxa5 f5 25. Qe1 Rbb8 26.
Qh4+ Nh6 27. exf5 gxf5 28. Re1 Rd6 29. Rc3 Qg6 30. Rce3 Re8 31. a5 Qf6 32. Qxf6
gxf6 33. Rxe6 Rexe6 34. Rxe6 Rxd4 35. Rxf6 Rd1+ 36. Kf2 Kg7 37. Rxc6 f4 38.
Ne6+ Kf7 39. Nxf4 Kg7 40. a6 Ra1 41. Rxc7+ Kf6 42. a7 Ra5 43. b4 Ra2+ 44. Ne2
Nf5 45. Ke1 Nd6 46. h4 Nb5 47. Rc6+ Ke7 48. g4 Nxa7 49. Rc5 Kd6 50. Ra5 Rxa5
51. bxa5 Kc6 52. h5 Kb5 53. h6 Nc6 54. h7 Ne7 55. h8=Q Nc6 56. Nd4+ Nxd4 57.
Qxd4 Ka6 58. Qb6# 1-0

[Event "Troy (TCC Res/2/12)"]
[Site "?"]
[Date "1995.??.??"]
[Round "?"]
[White "Whitworth, M."]
[Black "Alliston, Richard"]
[Result "1-0"]
[WhiteElo "1635"]
[BlackElo "1605"]
[PlyCount "63"]
[EventDate "1995.??.??"]

{2/(12)} 1. d4 d5 2. c4 e6 3. Nc3 Nf6 4. Bg5 Be7 5. Nf3 c6 6. e3 Nbd7 7. Bd3
dxc4 8. Bxc4 b5 9. Bd3 Bb7 10. O-O O-O 11. Rc1 Rc8 12. Ne5 Nxe5 13. dxe5 Nd5
14. Bxe7 Qxe7 15. Ne4 Ba8 16. Nd6 Rcd8 17. Qh5 g6 18. Qe2 a6 19. Qd2 Qa7 20.
Qa5 Nxe3 21. fxe3 Qxe3+ 22. Kh1 Qxd3 23. Rxf7 Qe3 24. Re1 Qd4 25. Qc7 Rxf7 26.
Qxf7+ Kh8 27. Qf6+ Kg8 28. Qxd8+ Kg7 29. Qxa8 Qf2 30. Rg1 Qxb2 31. Rf1 Qxe5 32.
Qf8# 1-0

[Event "East Lansing (Class C/2/9)"]
[Site "?"]
[Date "1995.??.??"]
[Round "?"]
[White "Wheeler, R."]
[Black "Alliston, Richard"]
[Result "0-1"]
[WhiteElo "1605"]
[BlackElo "1605"]
[PlyCount "100"]
[EventDate "1995.??.??"]

{2/(9)} 1. e4 e5 2. Nf3 d6 3. c3 Be7 4. d4 exd4 5. cxd4 Bg4 6. Be2 Nf6 7. Nc3
Nbd7 8. h3 Bh5 9. Bf4 Bg6 10. Bd3 a6 11. O-O O-O 12. Nh4 Bxe4 13. Bxe4 Nxe4 14.
Nf5 Nxc3 15. Nxe7+ Qxe7 16. bxc3 Rfe8 17. Qd2 Qe2 18. Rfe1 Qxd2 19. Bxd2 Nf6
20. f3 Kf8 21. c4 Nd7 22. Bb4 Rxe1+ 23. Rxe1 Re8 24. Kf1 Rxe1+ 25. Kxe1 Ke7 26.
Ke2 Ke6 27. Ke3 Nb6 28. d5+ Nxd5+ 29. cxd5+ Kxd5 30. Kd3 b5 31. Bc3 g6 32. Bf6
c5 33. Be7 a5 34. a3 a4 35. Kc3 f5 36. Bg5 Kc6 37. g4 d5 38. Bh6 d4+ 39. Kc2
Kd5 40. h4 fxg4 41. fxg4 Kc4 42. Bf8 b4 43. axb4 cxb4 44. Bh6 a3 45. Bd2 b3+
46. Kb1 Kd3 47. Bb4 a2+ 48. Kb2 a1=Q+ 49. Kxa1 Kc2 50. Ba3 d3 0-1

[Event "Detroit (WCO/2/18)"]
[Site "?"]
[Date "1995.??.??"]
[Round "?"]
[White "Wheeler, Je"]
[Black "Strimpel, D."]
[Result "0-1"]
[WhiteElo "1605"]
[BlackElo "1605"]
[PlyCount "52"]
[EventDate "1995.??.??"]

{2/(18)} 1. e3 e5 2. d4 Nf6 3. Nf3 Nc6 4. Nc3 exd4 5. exd4 Bb4 6. d5 Bxc3+ 7.
bxc3 Ne5 8. Nd4 d6 9. f4 Ng6 10. g3 Nxd5 11. c4 Nc3 12. Qd3 Qe7+ 13. Be2 Nxe2
14. Nxe2 b6 15. f5 Ne5 16. Qd5 c6 17. Qe4 Bb7 18. Rb1 O-O-O 19. Rb4 c5 20. Ra4
Bxe4 21. Bf4 Bxh1 22. Ng1 Bc6 23. Rxa7 Nf3+ 24. Kf1 Qe1+ 25. Kg2 Ng5+ 26. Nf3
Bxf3# 0-1

[Event "Eastpointe (MCO/6/24)"]
[Site "?"]
[Date "1995.??.??"]
[Round "?"]
[White "West, Tony"]
[Black "Venia, H."]
[Result "1-0"]
[WhiteElo "1615"]
[BlackElo "1605"]
[PlyCount "36"]
[EventDate "1995.??.??"]

{6/(24)} 1. e4 c5 2. Nf3 Nc6 3. d4 cxd4 4. Nxd4 Nf6 5. Nc3 d6 6. Bg5 e6 7. Bc4
Be7 8. f4 Nxe4 9. Nxe4 d5 10. Bxe7 Qxe7 11. Bb5 Qc7 12. Nc3 O-O 13. Bxc6 bxc6
14. O-O e5 15. fxe5 Qxe5 16. Re1 Qg5 17. Nxc6 Bh3 18. Qf3 Bg4 1-0

[Event "Troy (US Am N/4/25)"]
[Site "?"]
[Date "1995.??.??"]
[Round "?"]
[White "West, Tony"]
[Black "Morabito, Matthew"]
[Result "0-1"]
[WhiteElo "1605"]
[BlackElo "1865"]
[PlyCount "82"]
[EventDate "1995.??.??"]

{4/(25)} 1. d4 Nf6 2. c4 g6 3. Nc3 Bg7 4. e4 d6 5. Be2 O-O 6. Nf3 c5 7. d5 Nbd7
8. O-O Nh5 9. Ne1 e5 10. Bxh5 gxh5 11. Qxh5 Kh8 12. Bh6 Rg8 13. Bxg7+ Rxg7 14.
Kh1 Qg8 15. Rg1 Nf6 16. Qh4 Rg6 17. f3 Qg7 18. Ne2 Bd7 19. Qf2 Rg8 20. b3 Qh6
21. g3 Nh5 22. Nc2 f5 23. exf5 Bxf5 24. Ne3 Bd3 25. g4 Bxe2 26. Qxe2 Nf4 27.
Qe1 Qf8 28. Nf5 b6 29. Qh4 Ne2 30. Rge1 Nd4 31. Nxd4 cxd4 32. Kg2 Qf4 33. Qf2
Rf8 34. h3 h5 35. Re2 Kg7 36. Rf1 hxg4 37. fxg4 Rxg4+ 38. Kh1 Qxf2 39. Rexf2
Rxf2 40. Rxf2 Rf4 41. Re2 e4 0-1

[Event "Eastpointe (EDO/5/10)"]
[Site "?"]
[Date "1995.??.??"]
[Round "?"]
[White "West, Tony"]
[Black "Jointer, William"]
[Result "0-1"]
[WhiteElo "1605"]
[BlackElo "1700"]
[PlyCount "82"]
[EventDate "1995.??.??"]

{5/(10)} 1. d4 Nf6 2. c4 e5 3. dxe5 Ng4 4. Nf3 d6 5. exd6 Bxd6 6. h3 Nxf2 7.
Kxf2 Bg3+ 8. Kxg3 Qxd1 9. Bf4 Qd7 10. e3 O-O 11. Nc3 Nc6 12. Nd5 f6 13. Rd1 Qf7
14. Nxc7 Rb8 15. Nd5 Ne5 16. Nxe5 fxe5 17. Bxe5 Be6 18. Bxb8 Qf2+ 19. Kh2 Rxb8
20. Nf4 Qxe3 21. Nxe6 Qxe6 22. Bd3 Qe5+ 23. Kg1 Qxb2 24. Kh2 Qe5+ 25. Kg1 Qg3
26. Bf5 Qe3+ 27. Kh2 Qe5+ 28. g3 Qxf5 29. Rhf1 Qc2+ 30. Kg1 Qxc4 31. Rd7 Qxa2
32. Re1 Qa3 33. Ree7 Qxg3+ 34. Kf1 Rf8+ 35. Ke2 Rf2+ 36. Kd1 Rf1+ 37. Kc2 Rf2+
38. Kc1 Qg1+ 39. Rd1 Rf1 40. Red7 Rxd1+ 41. Rxd1 Qxd1+ 0-1

[Event "Troy (US Am N/5/32)"]
[Site "?"]
[Date "1995.??.??"]
[Round "?"]
[White "West, Tony"]
[Black "Goerke, Jesse"]
[Result "1-0"]
[WhiteElo "1605"]
[BlackElo "1605"]
[PlyCount "99"]
[EventDate "1995.??.??"]

{5/(32)} 1. Nf3 d5 2. c4 dxc4 3. Na3 Be6 4. e3 Nc6 5. Nxc4 Bxc4 6. Bxc4 e6 7.
O-O g6 8. d4 Bg7 9. Bd2 e5 10. dxe5 Nxe5 11. Nxe5 Bxe5 12. Qb3 Nh6 13. Rad1 Qd6
14. f4 Bf6 15. Qxb7 O-O 16. Bb4 Qb6 17. Qxb6 cxb6 18. Bxf8 Rxf8 19. b3 Nf5 20.
Rfe1 Re8 21. e4 Ne3 22. Rxe3 g5 23. g3 gxf4 24. gxf4 Rd8 25. Rxd8+ Bxd8 26. Rd3
Bf6 27. e5 Be7 28. Rd7 Bc5+ 29. Kg2 Kf8 30. Rxf7+ Kg8 31. Rxa7+ Kh8 32. e6 b5
33. Ra8+ Kg7 34. Bxb5 h5 35. f5 Kf6 36. Bd3 h4 37. Re8 Bb4 38. Kf3 h3 39. Kg4
Bd6 40. Kxh3 Bc7 41. Rf8+ Ke7 42. Rf7+ Kd6 43. Rxc7 Kxc7 44. f6 Kd8 45. Bb5 Kc7
46. e7 Kb6 47. e8=Q Kb7 48. Qc6+ Ka7 49. Ba6 Kb8 50. Qb7# 1-0

[Event "Eastpointe (EDO/2/6)"]
[Site "?"]
[Date "1995.??.??"]
[Round "?"]
[White "West, Tony"]
[Black "Franke, R."]
[Result "0-1"]
[WhiteElo "1605"]
[BlackElo "1830"]
[PlyCount "42"]
[EventDate "1995.??.??"]

{2/(6)} 1. d4 Nf6 2. c4 e6 3. Nc3 d5 4. e3 Be7 5. Nf3 O-O 6. Bd3 b6 7. O-O Bb7
8. cxd5 exd5 9. Qc2 Nbd7 10. Ne5 h6 11. f4 c5 12. Rf3 cxd4 13. exd4 Rc8 14. Qe2
Re8 15. Bd2 Bf8 16. Re3 Bb4 17. Ng4 Nxg4 18. Qxg4 Nf8 19. Qf5 Qd7 20. Qxd7 Nxd7
21. Bf5 Red8 {[Remainder illegible; 0-1, 50?]} 0-1

[Event "Eastpointe (MCO/2/27)"]
[Site "?"]
[Date "1995.??.??"]
[Round "?"]
[White "West, Tony"]
[Black "Dolin, Jack"]
[Result "1-0"]
[WhiteElo "1615"]
[BlackElo "1605"]
[PlyCount "113"]
[EventDate "1995.??.??"]

{2/(27)} 1. e4 c5 2. Nf3 d6 3. d4 cxd4 4. Nxd4 Nc6 5. Nc3 Nf6 6. Bc4 e6 7. Bg5
h6 8. Be3 Be7 9. O-O O-O 10. f4 a6 11. f5 Ne5 12. Bb3 b5 13. fxe6 Nc4 14. Bxc4
bxc4 15. Nc6 Qc7 16. Nxe7+ Qxe7 17. exf7+ Rxf7 18. Qd4 Qe6 19. Rf3 Bb7 20. Raf1
Raf8 21. Re1 Nxe4 22. Rxf7 Rxf7 23. Bxh6 Qxh6 24. Nxe4 Bxe4 25. Qxe4 Qf6 26.
Qe8+ Rf8 27. Qe6+ Rf7 28. Qxf6 Rxf6 29. Re8+ Kf7 30. Ra8 d5 31. Ra7+ Kg6 32.
Rd7 Rb6 33. b3 cxb3 34. axb3 Rb5 35. Rd6+ Kf5 36. Rxa6 Ke4 37. Rc6 Ke3 38. h4
d4 39. Rc7 Kd2 40. g4 Ra5 41. Rc4 Ke3 42. Kg2 Rd5 43. Kg3 g6 44. Rc6 Kd2 45.
Kf4 Rb5 46. Rc4 d3 47. cxd3 Kxd3 48. Rc6 g5+ 49. hxg5 Rxb3 50. Re6 Rb1 51. g6
Rf1+ 52. Kg5 Rf8 53. Rf6 Rg8 54. Rf7 Ke4 55. g7 Ke5 56. Kg6 Ke6 57. Rf8 1-0

[Event "Eastpointe (MCO/4/19)"]
[Site "?"]
[Date "1995.??.??"]
[Round "?"]
[White "West, Tony"]
[Black "Chehayeb, Sal"]
[Result "0-1"]
[WhiteElo "1615"]
[BlackElo "2055"]
[PlyCount "67"]
[EventDate "1995.??.??"]

{4/(19)} 1. e4 c5 2. Nf3 d6 3. d4 cxd4 4. Nxd4 Nf6 5. Nc3 g6 6. Bc4 Bg7 7. Be3
O-O 8. f3 Nc6 9. Qd2 Bd7 10. O-O-O Rc8 11. h4 Nxd4 12. Qxd4 Ng4 13. Bxf7+ Rxf7
14. Qxa7 Nxe3 15. Qxe3 Qa5 16. Rd5 Qb4 17. Rd3 Bb5 18. a3 Qc4 19. Qd2 Ba6 20.
h5 Qc6 21. h6 Bh8 22. Re3 e6 23. Rh3 Qb6 24. Na4 Qc6 25. Nc3 Be5 26. g3 Rfc7
27. f4 Bh8 28. f5 Bxc3 29. bxc3 exf5 30. exf5 Qc5 31. Kd1 Qxf5 32. Qd4 Qxh3 33.
Qd5+ Rf7 34. Re7 0-1

[Event "Troy (US Am N/2/38)"]
[Site "?"]
[Date "1995.??.??"]
[Round "?"]
[White "West, Tony"]
[Black "Brumley, Ron"]
[Result "1-0"]
[WhiteElo "1605"]
[BlackElo "1605"]
[PlyCount "87"]
[EventDate "1995.??.??"]

{2/(38)} 1. e4 e6 2. d4 d5 3. Nc3 c5 4. Nf3 Nc6 5. Bb5 Qb6 6. exd5 exd5 7. Nxd5
Qd8 8. dxc5 a6 9. Ba4 Bxc5 10. O-O b5 11. Bb3 Na5 12. Re1+ Ne7 13. Bf4 Nxb3 14.
axb3 Be6 15. Nc7+ Kf8 16. Nxa8 Qxa8 17. Ng5 Bf5 18. Nf3 Qa7 19. Be3 Be6 20.
Bxc5 Qc7 21. Ng5 Ke8 22. Nxe6 fxe6 23. Qd6 Qxd6 24. Bxd6 Kf7 25. Bxe7 Kxe7 26.
Rxa6 Rc8 27. Raxe6+ Kf7 28. Re7+ Kf8 29. c3 h6 30. g3 g5 31. Rb7 Rd8 32. Re2
Rd1+ 33. Kg2 Ra1 34. Rxb5 g4 35. Rb7 Ra8 36. c4 Rc8 37. Re4 h5 38. b4 Rd8 39.
c5 Rd2 40. c6 Rxb2 41. Rd4 Ke8 42. Rh7 Rc2 43. c7 Rc6 44. Rd8# 1-0

[Event "Troy (US Am N/3/41)"]
[Site "?"]
[Date "1995.??.??"]
[Round "?"]
[White "West, L."]
[Black "Silveri, Marco"]
[Result "1-0"]
[WhiteElo "1605"]
[BlackElo "1605"]
[PlyCount "127"]
[EventDate "1995.??.??"]

{3/(41)} 1. e4 c5 2. c3 d6 3. d4 cxd4 4. cxd4 Nf6 5. Nc3 g6 6. Bc4 Bg7 7. Nf3
O-O 8. O-O a6 9. Be3 b5 10. Bb3 b4 11. Nd5 Nxe4 12. Nxb4 e6 13. Qc2 Bb7 14.
Rac1 a5 15. Nd3 d5 16. Nde5 Ba6 17. Rfe1 Nd7 18. Nc6 Qb6 19. Ba4 Ndf6 20. h3
Bb5 21. Bxb5 Qxb5 22. a4 Qb7 23. Qe2 Ra6 24. Nce5 h6 25. Rc2 Raa8 26. Rec1 Rfc8
27. Rxc8+ Rxc8 28. Rxc8+ Qxc8 29. Qb5 Qc2 30. Nc6 g5 31. Nfe5 h5 32. Nxa5 g4
33. hxg4 Nxg4 34. Nxg4 hxg4 35. g3 Bh6 36. Qe8+ Bf8 37. Nc6 Qxb2 38. Ne5 Nd6
39. Qd8 Qa1+ 40. Kg2 Qxa4 41. Bh6 Qe8 42. Qg5+ Kh7 43. Nxg4 Ne4 44. Qh5 Bxh6
45. Qxh6+ Kg8 46. f3 Qf8 47. Qxf8+ Kxf8 48. fxe4 dxe4 49. Kf2 Ke7 50. Ke3 f5
51. Ne5 Kf6 52. Kf4 Ke7 53. g4 fxg4 54. Nxg4 Kd6 55. Kxe4 Ke7 56. Ke5 Kd7 57.
Nf2 Ke7 58. Ne4 Kd7 59. Ng5 Ke7 60. Nxe6 Kd7 61. d5 Ke7 62. Nc5 Kd8 63. Ke6 Kc7
64. Ke7 1-0

[Event "Troy (US Am N/5/40)"]
[Site "?"]
[Date "1995.??.??"]
[Round "?"]
[White "West, L."]
[Black "Dumas, Steve"]
[Result "1-0"]
[WhiteElo "1605"]
[BlackElo "1605"]
[PlyCount "75"]
[EventDate "1995.??.??"]

{5/(40)} 1. e4 e5 2. Nf3 f5 3. exf5 Nf6 4. Nc3 d5 5. d4 e4 6. Ne5 Bxf5 7. Be2
g6 8. O-O h5 9. Bg5 Be7 10. h4 c6 11. a3 a6 12. Qd2 Qd6 13. Nd1 Nh7 14. Bxe7
Qxe7 15. Ne3 Qf6 16. Nxf5 gxf5 17. Bxh5+ Kd8 18. Nf7+ Kc7 19. Qf4+ Kb6 20. Nxh8
Qxh8 21. Qxf5 Nf6 22. g4 Nbd7 23. Kg2 Rg8 24. Kh3 Qg7 25. Rg1 Rf8 26. Qg5 Qh8
27. Raf1 Kb5 28. c3 Rg8 29. Qf4 Kb6 30. f3 Rf8 31. fxe4 Nxh5 32. Qd6 Rxf1 33.
Rxf1 Nhf6 34. g5 Nxe4 35. Qxd7 Nxg5+ 36. Kg4 Ne4 37. Rf7 Qh6 38. Qxb7+ 1-0

[Event "Troy (US Am N/1/44)"]
[Site "?"]
[Date "1995.??.??"]
[Round "?"]
[White "West, L."]
[Black "Cayle, M."]
[Result "0-1"]
[WhiteElo "1605"]
[BlackElo "1620"]
[PlyCount "48"]
[EventDate "1995.??.??"]

{1/(44)} 1. e4 e6 2. Nf3 d5 3. d4 dxe4 4. Ne5 Nf6 5. Nc3 Bb4 6. Bd2 Qxd4 7. Bf4
Bxc3+ 8. bxc3 Qxc3+ 9. Ke2 b6 10. Rb1 Ba6+ 11. Nd3 exd3+ 12. cxd3 Nc6 13. Rc1
Nd4+ 14. Ke3 Nd5+ 15. Ke4 f5+ 16. Ke5 Nc6+ 17. Kxe6 Nxf4+ 18. Kxf5 O-O+ 19. Kg4
Ne5+ 20. Kg3 Qd4 21. h4 Nfxd3 22. Bxd3 Qf4+ 23. Kh3 Bc8+ 24. g4 Bxg4+ 0-1

[Event "Eastpointe (EDO/3/14)"]
[Site "?"]
[Date "1995.??.??"]
[Round "?"]
[White "Wensink, E."]
[Black "McFolley, John"]
[Result "0-1"]
[WhiteElo "1605"]
[BlackElo "1605"]
[PlyCount "86"]
[EventDate "1995.??.??"]

{3/(14)} 1. e4 e5 2. Nf3 Nf6 3. Nc3 Bc5 4. Bc4 d6 5. h3 O-O 6. O-O Nc6 7. d3
Be6 8. Bxe6 fxe6 9. Bg5 Qe8 10. Qd2 Nh5 11. Kh1 Nf4 12. Ng1 Qg6 13. Bxf4 Rxf4
14. Nce2 Rf6 15. Nf3 Raf8 16. Qg5 Qxg5 17. Nxg5 Rxf2 18. Rxf2 Rxf2 19. Re1 h6
20. Nxe6 Bb6 21. d4 exd4 22. N6f4 Nb4 23. Nd3 Nxd3 24. cxd3 Ba5 25. Rg1 Rxe2
26. Rf1 Re1 27. Kg1 Rxf1+ 28. Kxf1 Kf7 29. h4 Kf6 30. Ke2 d5 31. Kf3 Ke5 32.
exd5 Kxd5 33. Kf4 c5 34. b3 b5 35. Kf5 c4 36. bxc4+ bxc4 37. dxc4+ Kxc4 38. Kg6
d3 39. Kxg7 d2 40. Kxh6 d1=Q 41. h5 Qg4 42. a4 Kd5 43. g3 Bc3 0-1

[Event "Eastpointe (EDO/5/13)"]
[Site "?"]
[Date "1995.??.??"]
[Round "?"]
[White "Wensink, E."]
[Black "Kinney, G."]
[Result "0-1"]
[WhiteElo "1605"]
[BlackElo "1760"]
[PlyCount "60"]
[EventDate "1995.??.??"]

{5/(13)} 1. e4 c5 2. c3 e6 3. d4 cxd4 4. cxd4 d5 5. e5 Bb4+ 6. Nc3 Ne7 7. Nf3
Nbc6 8. Bb5 Qb6 9. a3 Bxc3+ 10. bxc3 Qxb5 11. Be3 O-O 12. Ng1 Nf5 13. Bf4 Qa5
14. Qd2 b6 15. Ne2 Ba6 16. O-O Bxe2 17. Qxe2 Qxc3 18. Rfc1 Ncxd4 19. Qg4 Qd3
20. Kh1 Qe2 21. f3 Ne3 22. Qg3 Nef5 23. Qg4 Qa6 24. Rd1 Qa4 25. h4 Ne2 26. Bh2
Qxg4 27. fxg4 Nxh4 28. Re1 Nd4 29. Rab1 Nc2 30. Rg1 Nxa3 0-1